| 000 -LEADER |
| fixed length control field |
01282nam a2200205Ia 4500 |
| 001 - CONTROL NUMBER |
| control field |
10794 |
| 003 - CONTROL NUMBER IDENTIFIER |
| control field |
GE_BSU |
| 008 - FIXED-LENGTH DATA ELEMENTS--GENERAL INFORMATION |
| fixed length control field |
181216s||||||||xx |||||||||||||| ||und|| |
| 040 ## - CATALOGING SOURCE |
| Transcribing agency |
GE_BSU |
| 080 ## - UNIVERSAL DECIMAL CLASSIFICATION NUMBER |
| Universal Decimal Classification number |
821.353.1-1-1(082) |
| 245 ## - TITLE STATEMENT |
| Title |
ქართული საბჭოთა პოეზიის ანთოლოგია. |
| 245 ## - TITLE STATEMENT |
| Statement of responsibility, etc. |
სარედ.კოლეგია.გრიგოლ აბაშიძე,კარლო კალაძე,მურმან ლებანიძე და სხვ;მხატვ.რედ:ოთარ ჯიშკარიანი;პორტრეტები შესრულებულია ზურაბ ნიჟარაძის და თენგიზ მირზაშვილის მიერ;გრაფიკული გაფორმება დავით დუნდუასი და ოთარ ჯიშკარიანისა. |
| 260 ## - PUBLICATION, DISTRIBUTION, ETC. |
| Place of publication, distribution, etc. |
თბილისი. |
| 260 ## - PUBLICATION, DISTRIBUTION, ETC. |
| Name of publisher, distributor, etc. |
მერანი. |
| 260 ## - PUBLICATION, DISTRIBUTION, ETC. |
| Date of publication, distribution, etc. |
1971. |
| 300 ## - PHYSICAL DESCRIPTION |
| Extent |
758გვ;29სმ. |
| 300 ## - PHYSICAL DESCRIPTION |
| Accompanying material |
სურათები;ბიბლიოგრ.ცნობები.გვ:739-749. |
| 653 ## - INDEX TERM--UNCONTROLLED |
| Uncontrolled term |
ქართული საბჭოთა პოეზიის ანთოლოგია. |
| 942 ## - ADDED ENTRY ELEMENTS (KOHA) |
| Koha item type |
წიგნი |